[Event "Chicago op 34th"]
[Site "Chicago"]
[Date "2025.05.25"]
[Round "6"]
[White "Tugstumur, Yesuntumur"]
[Black "Alonso Rosell, Alvar"]
[Result "1/2-1/2"]
[WhiteElo "2396"]
[BlackElo "2550"]
[PlyCount "68"]
[EventDate "2025.05.22"]
[EventType "swiss"]
[EventRounds "9"]
[EventCountry "USA"]
[SourceTitle "CB23_2025"]
[SourceDate "2025.06.04"]
[SourceVersion "1"]
[SourceVersionDate "2025.06.04"]
[SourceQuality "1"]

1. Nf3 d5 2. g3 Nf6 3. Bg2 e6 4. 0-0 Be7 5. d3 0-0 6. c3 c5 7. Qc2 Nc6 8. a4 b6 9. Re1 Bb7 10. e4 a6 11. e5 Nd7 12. h4 Qc7 13. Bf4 Rfc8 14. h5 h6 15. Na3 Qd8 16. Rad1 Nf8 17. Nh2 Qe8 18. Ng4 Nh7 19. Qe2 Na5 20. c4 Rd8 21. cxd5 Bxd5 22. Bxd5 Rxd5 23. Nc4 Nxc4 24. dxc4 Rxd1 25. Qxd1 Rd8 26. Qb3 Qc6 27. Rd1 Rd4 28. Rxd4 cxd4 29. Qd3 Qxa4 30. Qxd4 Qc6 31. Qd3 Ng5 32. Bxg5 Bxg5 33. b3 Be7 34. Nh2 b5 1/2-1/2

[Event "Chicago op 34th"]
[Site "Chicago"]
[Date "2025.05.23"]
[Round "2"]
[White "Tugstumur, Yesuntumur"]
[Black "Kogen, Jonathan S"]
[Result "1-0"]
[WhiteElo "2396"]
[BlackElo "2228"]
[PlyCount "87"]
[EventDate "2025.05.22"]
[EventType "swiss"]
[EventRounds "9"]
[EventCountry "USA"]
[SourceTitle "CB23_2025"]
[SourceDate "2025.06.04"]
[SourceVersion "1"]
[SourceVersionDate "2025.06.04"]
[SourceQuality "1"]

1. d4 Nf6 2. c4 g6 3. Nc3 Bg7 4. Nf3 0-0 5. e4 d6 6. Be2 e5 7. 0-0 Nc6 8. d5 Ne7 9. Nd2 a5 10. Rb1 Nd7 11. a3 f5 12. b4 Kh8 13. Nb3 axb4 14. axb4 Nf6 15. f3 Nh5 16. c5 Nf4 17. g3 Nxe2+ 18. Qxe2 fxe4 19. fxe4 Bh3 20. Rxf8+ Qxf8 21. Be3 Ng8 22. Nb5 Qd8 23. Na5 Qd7 24. Nxb7 Rb8 25. c6 Qe7 26. Nc3 Nf6 27. b5 Ng4 28. b6 Nxe3 29. bxc7 Rf8 30. Qxe3 Qxc7 31. Kh1 Rf6 32. Ne2 Qf7 33. Ng1 Bg4 34. Nd8 Qc7 35. Qb6 Qe7 36. Ne6 Bxe6 37. dxe6 Qxe6 38. Qb3 Qg4 39. Qc4 Rf8 40. c7 Rc8 41. Rb8 Bf8 42. Qc6 Kg8 43. h3 Qe6 44. Qb7 1-0

[Event "Titled Tuesday intern op 21st Jan Late"]
[Site "Chess.com INT"]
[Date "2025.01.21"]
[Round "1"]
[White "Tugstumur, Yesuntumur"]
[Black "Thogata, Randheer"]
[Result "1-0"]
[WhiteElo "2378"]
[BlackElo "2014"]
[PlyCount "87"]
[EventDate "2025.01.21"]
[EventType "swiss (blitz)"]
[EventRounds "11"]
[EventCountry "USA"]
[SourceTitle "CB05_2025"]
[SourceDate "2025.01.29"]
[SourceVersion "1"]
[SourceVersionDate "2025.01.29"]
[SourceQuality "1"]

1. Nf3 c5 2. g3 Nc6 3. Bg2 g6 4. 0-0 Bg7 5. d3 e5 6. e4 d6 7. a4 Nge7 8. Na3 0-0 9. Nc4 h6 10. c3 Be6 11. Qc2 d5 12. exd5 Nxd5 13. Re1 Qc7 14. Nfd2 Rad8 15. Ne4 b6 16. Qe2 Rfe8 17. h4 f5 18. Ned2 f4 19. Be4 Qf7 20. Nf3 Bg4 21. Qf1 Rf8 22. Nh2 Bf5 23. Nd2 fxg3 24. fxg3 Qd7 25. Qg2 Bh3 26. Bxd5+ Kh7 27. Bxc6 Qe6 28. Qe4 Bf5 29. Ndf3 Bxe4 30. Bxe4 Qh3 31. Kh1 Qxg3 32. Rg1 Qf2 33. Bd2 c4 34. Raf1 Qc5 35. Rxg6 Kh8 36. Rfg1 Rf7 37. Bxh6 Rdd7 38. Ng5 Rfe7 39. Ne6 Qd6 40. Bxg7+ Rxg7 41. Nxg7 Rxg7 42. Rxd6 Rxg1+ 43. Kxg1 cxd3 44. Rxd3 1-0

[Event "North American op 34th"]
[Site "Las Vegas"]
[Date "2024.12.28"]
[Round "5"]
[White "Tugstumur, Yesuntumur"]
[Black "Cardoso Cardoso, Jose Gabriel"]
[Result "1/2-1/2"]
[WhiteElo "2378"]
[BlackElo "2516"]
[PlyCount "48"]
[EventDate "2024.12.26"]
[EventType "swiss"]
[EventRounds "9"]
[EventCountry "USA"]
[SourceTitle "CB02_2025"]
[SourceDate "2025.01.08"]
[SourceVersion "1"]
[SourceVersionDate "2025.01.08"]
[SourceQuality "1"]

1. Nf3 d5 2. c4 d4 3. b4 c5 4. g3 cxb4 5. a3 bxa3 6. Bg2 Nc6 7. 0-0 g6 8. e3 Bg7 9. Rxa3 Nh6 10. exd4 Nxd4 11. Nxd4 Qxd4 12. d3 0-0 13. Nc3 Qd8 14. Bxh6 Bxh6 15. Qc2 Bg7 16. Rb1 Qd6 17. Rab3 Rd8 18. Bxb7 Bxb7 19. Rxb7 e6 20. Nb5 Qc5 21. Nc3 Qd4 22. Nb5 Qc5 23. Nc3 Qd4 24. Nb5 Qc5 1/2-1/2